000 02096ngm a2200433 4500
003 dpl
005 20080822165227.0
007 DVD
008 080822t xxu||||| |||| 00| 0 eng d
010 _aDVD-000198-200
020 _a0793911435
024 _aFOX1069
_c799.00
024 _a086162114335
040 _adpl
082 _aDVD / CLE
245 _aCleopatra
_hDVD [videorecording] /
_cTwentieth Century-Fox ; produced by Walter Wanger ; directed by Joseph L. Mankiewicz.
260 _aLivonia, Mich. :
_bCBS/Fox Video,
_c1988.
300 _a12 DVD (246 min.) :
_bsd., col. ;
_c4 3/4 in.
500 _aOriginally released as a motion picture in 1963.
511 _aElizabeth Taylor, Richard Burton, Rex Harrison.
520 _aTaylor stars as the ambitious queen of Egypt whose involvement with Marc Anthony and Julius Caesar led to her eventual downfall and suicide.
521 _aGeneral.
538 _aDolby 5.1, presented in 2.35:1 aspect ratio widescreen version 16.9, NTSC, DVD 9 Dual layer
546 _asubtitles in English Korean, Cantonse, Mandrain, Tahi
600 _aCleopatra,
_cQueen of Egypt,
_dd. 30 B.C
_xDrama.
600 _aCleopatra,
_cQueen of Egypt,
_dd. 30 B.C.
_2sears.
650 _aHistorical films.
651 _aEgypt.
_2sears
_xHistory
_xDrama.
700 _aMankiewicz, Joseph L.
700 _aTaylor, Elizabeth,
_d1932-
700 _aBurton, Richard,
_d1925-
700 _aHarrison, Rex.
710 _aCBS Fox Video.
942 _cCF
_2ddc
_hDVD
_mCLE
999 _c15013
_d15013